| 000 | 01165cam a22003254a 4500 | ||
|---|---|---|---|
| 999 |
_c557 _d557 |
||
| 001 | 4047411 | ||
| 003 | GZU | ||
| 005 | 20200907114139.0 | ||
| 008 | 990128s1999 enkab b 001 0 eng | ||
| 010 | _a 99012400 | ||
| 020 | _a0582368952 (pbk) | ||
| 040 |
_aDLC _cDLC _dDLC |
||
| 042 | _apcc | ||
| 043 |
_aa-is--- _ama----- |
||
| 050 | 0 | 0 |
_aDS 119.7 _bOVE 2004 |
| 082 | 0 | 0 |
_a956 _221 |
| 100 | 1 | _aOvendale, Ritchie. | |
| 245 | 1 | 4 |
_aThe origins of the Arab-Israeli wars / _cRitchie Ovendale. |
| 250 | _a4th ed. | ||
| 260 |
_aLondon ; _aNew York : _bLongman, _c2004 |
||
| 300 |
_axii, 344 p. : _bill., maps ; _c22 cm. |
||
| 440 | 0 | _aOrigins of modern wars | |
| 504 | _aIncludes bibliographical references (p. 304-318) and index. | ||
| 650 | 0 | _aArab-Israeli conflict. | |
| 651 | 0 |
_aIsrael _xHistory, Military. |
|
| 651 | 0 |
_aArab countries _xHistory, Military. |
|
| 906 |
_a7 _bcbc _corignew _d1 _eocip _f19 _gy-gencatlg |
||
| 942 |
_2lcc _cBK _e4th ed. _h119.7 _iOVE _kDS |
||